|
|
|
|
| LEADER |
00000cas a2200000 a 4500 |
| 003 |
Ucuenca |
| 005 |
20230318062950.0 |
| 008 |
008031|2007 ag |||||r|||||||||||spa|| |
| 022 |
|
|
|a 1834-0679
|
| 040 |
|
|
|b spa
|
| 041 |
|
|
|a spa
|
| 082 |
0 |
|
|a 320.05
|b O18c
|
| 110 |
1 |
|
|9 201755
|a Ocean Sur
|
| 245 |
|
|
|a Contexto latinoamericano. Revista de análisis político
|c Ocean Sur
|h imp
|
| 264 |
|
|
|a Buenos Aires
|b Editorial Ocean Sur
|c Enero Marzo 2007
|
| 300 |
|
|
|a 214 páginas:
|b ilu
|c 23 cm
|
| 362 |
|
|
|a no. 2 (enero-marzo 2007)
|
| 504 |
|
|
|a incl. ref.
|
| 650 |
|
0 |
|a Canal de panama
|9 58086
|
| 650 |
|
0 |
|a Imperialismo
|9 1215
|
| 650 |
1 |
|
|a Frente sandinista
|9 175187
|
| 650 |
1 |
|
|a Mujer nicaragüense
|9 201814
|
| 650 |
1 |
|
|a Politica nicaragüense
|9 199522
|
| 650 |
1 |
|
|a Revista contexto latinoamericano
|9 201815
|
| 650 |
|
0 |
|9 59731
|a Rafael correa delgado
|
| 650 |
1 |
7 |
|a Mujeres
|9 1160
|
| 852 |
|
|
|a UC-CDJBV
|
| 942 |
|
|
|c SER
|z vanessa.morales@ucuenca.edu.ec
|
| 999 |
|
|
|c 151307
|d 151307
|